Statistics for US States Groups by Length (in Alphabetical Order)

Click here to take the quiz!

General Stats

  • This quiz has been taken 32 times
  • The average score is 41 of 50

Answer Stats

Answer % Correct
Iowa
100%
Utah
100%
Ohio
100%
Oregon
96%
North Carolina
96%
South Dakota
96%
South Carolina
96%
Hawaii
96%
Idaho
96%
Alaska
96%
Maine
96%
Alabama
92%
North Dakota
92%
Rhode Island
88%
Arizona
88%
Florida
88%
Pennsylvania
88%
Texas
88%
Washington
88%
California
83%
Vermont
83%
Wyoming
83%
New York
83%
Delaware
79%
New Jersey
79%
New Hampshire
79%
Georgia
79%
Oklahoma
79%
West Virginia
75%
Tennessee
75%
Missouri
75%
Louisiana
75%
Arkansas
75%
Indiana
75%
Montana
75%
Massachusetts
75%
Kansas
75%
Virginia
75%
Wisconsin
71%
Michigan
71%
Kentucky
71%
Minnesota
71%
Mississippi
71%
New Mexico
71%
Connecticut
71%
Illinois
67%
Colorado
67%
Nevada
63%
Maryland
58%
Nebraska
54%

Score Distribution

Percentile by Number Answered

Percent of People with Each Score

Your Score History

You have not taken this quiz